000 00721nam a2200253Ia 4500
003 OSt
005 20220925224358.0
006 a|||||r|||| 00| 0
007 ta
008 220923b |||||||| |||| 00| 0 eng d
037 _cGeneral Book
040 _aRTL
_cRTL
_beng
041 _2eng
_aeng
082 _aYX.3.N8, M3
100 _aBean Philip
_9291098
245 0 _aApproaches to welfare
260 _aLondon
_bRoutledge & Kegan Paul
_c1983
300 _axviii, 301p
_ccm.
500 _aBibliography Chapterwise
650 _aSociology of Police
700 _a Pherson Stewart Ed.
_9291099
942 _hYX.3.N8, M3
_cGB
_2CC
999 _c581356
_d581356